<?xml version="1.0" encoding="UTF-8"?>
<record
    xmlns:xsi="http://www.w3.org/2001/XMLSchema-instance"
    xsi:schemaLocation="http://www.loc.gov/MARC21/slim http://www.loc.gov/standards/marcxml/schema/MARC21slim.xsd"
    xmlns="http://www.loc.gov/MARC21/slim">

  <leader>01270nam a22002417a 4500</leader>
  <controlfield tag="005">2010080202272.0</controlfield>
  <datafield tag="010" ind1=" " ind2=" ">
    <subfield code="a">HIN-89947</subfield>
  </datafield>
  <datafield tag="020" ind1=" " ind2=" ">
    <subfield code="c">80.00</subfield>
  </datafield>
  <datafield tag="035" ind1=" " ind2=" ">
    <subfield code="a">HN-62293</subfield>
  </datafield>
  <datafield tag="037" ind1=" " ind2=" ">
    <subfield code="b">DBAD/PUB</subfield>
  </datafield>
  <datafield tag="082" ind1=" " ind2=" ">
    <subfield code="a">821</subfield>
  </datafield>
  <datafield tag="100" ind1=" " ind2=" ">
    <subfield code="a">&#x938;&#x947;&#x920;&#x940;, &#x905;&#x91A;&#x930;&#x91C; &#x930;&#x93E;&#x92E;</subfield>
    <subfield code="9">4440</subfield>
  </datafield>
  <datafield tag="245" ind1=" " ind2=" ">
    <subfield code="a">&#x90A;&#x901; &#x939;&#x930; &#x936;&#x94D;&#x930;&#x940; &#x928;&#x93E;&#x925; &#x91C;&#x940;:</subfield>
    <subfield code="c">&#x905;&#x91A;&#x930;&#x91C; &#x930;&#x93E;&#x92E; &#x938;&#x947;&#x920;&#x940;;&#x938;&#x942;&#x930;&#x91C; &#x92A;&#x94D;&#x930;&#x915;&#x93E;&#x936; &#x938;&#x947;&#x920;&#x940; '&#x905;&#x92E;&#x94D;&#x92C;&#x930;' &#x926;&#x94D;&#x935;&#x93E;&#x930;&#x93E; &#x938;&#x902;&#x915;&#x932;&#x93F;&#x924;</subfield>
    <subfield code="b">&#x905;&#x91A;&#x930;&#x91C; &#x92D;&#x91C;&#x928;&#x93E;&#x935;&#x932;&#x940; /</subfield>
  </datafield>
  <datafield tag="246" ind1=" " ind2=" ">
    <subfield code="a">Om Har Shri Nath Ji</subfield>
    <subfield code="b">by Achraj Ram Sethi</subfield>
  </datafield>
  <datafield tag="260" ind1=" " ind2=" ">
    <subfield code="a">&#x928;&#x908; &#x926;&#x93F;&#x932;&#x94D;&#x932;&#x940; (&#x92D;&#x93E;&#x930;&#x924;)</subfield>
    <subfield code="b">&#x906;&#x930;&#x94D;&#x92F; &#x92A;&#x92C;&#x94D;&#x932;&#x93F;&#x936;&#x93F;&#x902;&#x917; &#x939;&#x93E;&#x909;&#x938;</subfield>
    <subfield code="c">2006</subfield>
  </datafield>
  <datafield tag="270" ind1=" " ind2=" ">
    <subfield code="a">1569/30, &#x928;&#x93E;&#x908;&#x935;&#x93E;&#x932;&#x93E; &#x915;&#x930;&#x94B;&#x932; &#x92C;&#x93E;&#x917;</subfield>
    <subfield code="b">&#x928;&#x908; &#x926;&#x93F;&#x932;&#x94D;&#x932;&#x940; (&#x92D;&#x93E;&#x930;&#x924;)</subfield>
    <subfield code="e">110005</subfield>
    <subfield code="k">011-25862745, 25822604</subfield>
    <subfield code="l">011-25716921</subfield>
  </datafield>
  <datafield tag="300" ind1=" " ind2=" ">
    <subfield code="a">155&#x92A;&#x943;.</subfield>
    <subfield code="c">22&#x938;&#x947;&#x92E;&#x940;.(&#x905;&#x91C;&#x93F;&#x932;&#x94D;&#x926;)</subfield>
  </datafield>
  <datafield tag="650" ind1=" " ind2=" ">
    <subfield code="b">&#x939;&#x93F;&#x928;&#x94D;&#x926;&#x940; &#x915;&#x935;&#x93F;&#x924;&#x93E;</subfield>
    <subfield code="9">697</subfield>
  </datafield>
  <datafield tag="650" ind1=" " ind2=" ">
    <subfield code="b">Hindi Poetry</subfield>
    <subfield code="9">698</subfield>
  </datafield>
  <datafield tag="700" ind1=" " ind2=" ">
    <subfield code="9">3937</subfield>
    <subfield code="a">&#x938;&#x947;&#x920;&#x940;, &#x938;&#x942;&#x930;&#x91C; &#x92A;&#x94D;&#x930;&#x915;&#x93E;&#x936; '&#x905;&#x92E;&#x94D;&#x92C;&#x930;</subfield>
  </datafield>
  <datafield tag="942" ind1=" " ind2=" ">
    <subfield code="2">ddc</subfield>
    <subfield code="c">HN</subfield>
    <subfield code="h">821</subfield>
    <subfield code="m">&#x938;&#x947;&#x920;&#x940;&#x905;</subfield>
  </datafield>
  <datafield tag="999" ind1=" " ind2=" ">
    <subfield code="c">38747</subfield>
    <subfield code="d">38747</subfield>
  </datafield>
  <datafield tag="952" ind1=" " ind2=" ">
    <subfield code="0">0</subfield>
    <subfield code="1">0</subfield>
    <subfield code="4">0</subfield>
    <subfield code="7">1</subfield>
    <subfield code="8">NFIC</subfield>
    <subfield code="a">DBAD</subfield>
    <subfield code="b">DBAD</subfield>
    <subfield code="d">2010-08-02</subfield>
    <subfield code="e">DBAD / PUB</subfield>
    <subfield code="g">80.00</subfield>
    <subfield code="l">0</subfield>
    <subfield code="o">821 &#x938;&#x947;&#x920;&#x940;&#x905;</subfield>
    <subfield code="p">HN-62293</subfield>
    <subfield code="r">2010-08-02 00:00:00</subfield>
    <subfield code="t">1</subfield>
    <subfield code="v">80.00</subfield>
    <subfield code="w">2010-08-02</subfield>
    <subfield code="y">HN</subfield>
  </datafield>
</record>
